Luyện nghe tiếng anh qua 100 ca khúc được yêu thích nhất
Gồm những bài hát tiếng Anh được yêu thích giúp các bạn luyện nghe tiếng Anh có kèm theo lời dịch bài hát
Na minha lista:
| Autor principal: | |
|---|---|
| Formato: | Livro |
| Idioma: | Undetermined |
| Publicado em: |
Hà Nội
Nxb. Đại học Quốc gia Hà Nội
2015
|
| Assuntos: | |
| Tags: |
Adicionar Tag
Sem tags, seja o primeiro a adicionar uma tag!
|
| Thư viện lưu trữ: | Trung tâm Học liệu Trường Đại học Cần Thơ |
|---|
| LEADER | 00888nam a2200217Ia 4500 | ||
|---|---|---|---|
| 001 | CTU_203345 | ||
| 008 | 210402s9999 xx 000 0 und d | ||
| 020 | |c 90000 | ||
| 082 | |a 428.34 | ||
| 082 | |b H527/T.1 | ||
| 100 | |a Nguyễn, Thu Huyền | ||
| 245 | 0 | |a Luyện nghe tiếng anh qua 100 ca khúc được yêu thích nhất | |
| 245 | 0 | |c Nguyễn Thu Huyền (chủ biên) ; Kiều Tiến Đại (hiệu đính) | |
| 260 | |a Hà Nội | ||
| 260 | |b Nxb. Đại học Quốc gia Hà Nội | ||
| 260 | |c 2015 | ||
| 520 | |a Gồm những bài hát tiếng Anh được yêu thích giúp các bạn luyện nghe tiếng Anh có kèm theo lời dịch bài hát | ||
| 650 | |a English language,Tiếng Anh | ||
| 650 | |x Listening,Nghe | ||
| 904 | |i Tuyến | ||
| 980 | |a Trung tâm Học liệu Trường Đại học Cần Thơ | ||